=LDR 00000nam 2200000 4500 =001 INLIS000000000048502 =005 20161109090036.0 =006 =007 =008 =020 ##$$a 979-462-893-X =035 ##$$0010-111600000000081 =040 ##$$a NBPDMAT =082 ##$$a 372.8 =090 ##$$a 372.8$bSun i =100 ##$$a Sunarso =245 ##$$a Ilmu pengetahuan sosial 3 untuk SD dan MI kelas III $c / Sunarsso, Anis Kusuma =260 ##$$a Jakarta $b Pusat Perbukuan Departemen Pendidikan Nasional $c 2008 =300 ##$$a viii, 118 hlm. : $b ilus. ; $c 25 cm =500 ##$$a Biblliografi hlm : 116 =500 ##$$a Indeks hlm. : 117 - 118 =650 ##$$a IPS SD =700 ##$$a Anis Kusuma =850 ##$$a NBPDMAT =990 ##$$a 51600146